00805 2200265 4500001002100000005001500021035002000036007000300056008004100059020001800100082001000118084001600128100002900144245007800173300004100251650002700292650003400319650002300353650003700376264003900413336002100452337003000473338002300503990001300526INLIS00000000112190820260115014031 a0010-0126000007ta260115 0 ind a9786347316011 a025.1 a025.1 KOK g0 aKoko SrimulyoePengarang1 aGreen Library :bManajemen Perpustakaan Ramah Lingkungan /cKoko Srimulyo ax, 156 halaman :bilustrasi ;c23 cm 4aManajemen Perpustakaan 4aPerpustakaan Ramah Lingkungan 4aLibrary Management 4aEnvironmentally Friendly Library aSidoarjo :bZifatama Jawara,c2025 2rdacontentaTeks 2rdamediaaTanpa Perantara 2rdacarrieraVolume a26/00007